Historia universal Siglo XXI : América Latina : la época colonial /

El vigésimo segundo tomo de los 36 que integran esta historia universal, preparada y editada inicialmente por la casa Fischer en Frankfurt y publicada en castellano por editorial Siglo XXI, y segundo de tres volúmenes de la obra referidos a América Latina está centrado en el período colonial del Nue...

وصف كامل

محفوظ في:
التفاصيل البيبلوغرافية
المؤلف الرئيسي: Konetzke, Richard (autor)
التنسيق: كتاب
اللغة:الإسبانية
منشور في: México : Siglo XXI, 1982, c1982
الطبعة:13a edición
سلاسل:(Historia Universal Siglo XXI ; 22)
الموضوعات:
الوسوم: إضافة وسم
لا توجد وسوم, كن أول من يضع وسما على هذه التسجيلة!

MARC

LEADER 00000nam^a2200000^a^4500
001 000102972
005 20250521000000.0
009 20260310093330.469
020 |a 968-23-0452-0 
020 |a 968-23-0009-6 
037 |a Acervo ITESO - Biblioteca 
041 |a ESP 
082 |a 909  |b HIS SIG V. 22 
100 |a Konetzke, Richard  |e (autor) 
240 1 1 |a [Historia universal Siglo XXI] 
240 1 1 |a [Historia universal Siglo XXI: América Latina] 
245 1 0 |a Historia universal Siglo XXI :  |b América Latina : la época colonial /  |c R. Konetzke ; tr. por Pedro Scaron. 
250 |a 13a edición 
264 4 |a México :  |b Siglo XXI,  |c 1982, c1982 
300 |a VI, 397 p. 
336 |a texto  |b txt  |2 rdacontenido 
337 |a sin mediación  |b n  |2 rdamedio 
338 |a volumen  |b nc  |2 rdasoporte 
440 1 |a (Historia Universal Siglo XXI ;  |v 22) 
500 |a Traducción de: Die Indianerkulturen Altamerikas und die Spanisch-portugiesische Kolonialherrschaft 
520 |a El vigésimo segundo tomo de los 36 que integran esta historia universal, preparada y editada inicialmente por la casa Fischer en Frankfurt y publicada en castellano por editorial Siglo XXI, y segundo de tres volúmenes de la obra referidos a América Latina está centrado en el período colonial del Nuevo Mundo. Los inicios de diversas instituciones que se establecieron en este continente; la organización estatal; las política indígena; la Iglesia y las misiones y la explotación económica de los imperios coloniales español y portugués forman parte del espectro temático cubierto. 
649 |a XX 
650 |a Indígenas -  |x Historia 
650 |a Exploradores y Viajeros Españoles 
650 |a Población -  |z América -  |x Historia -  |y Epoca Colonial 
650 |a Misiones -  |x Historia -  |y Epoca Colonial 
650 |a Iglesia Católica en América -  |x Historia -  |y Epoca Colonial 
650 |a Economía -  |z América -  |x Historia -  |y Epoca Colonial 
650 |a Colonización -  |z América -  |x Historia 
650 |a Política Indigenista -  |z América -  |x Historia -  |y Epoca Colonial 
650 |a Política -  |z América -  |x Historia -  |y Epoca Colonial 
650 |a América -  |x Historia -  |y Descubrimiento y Exploración 
650 |a América -  |x Historia -  |y Epoca Colonial 
910 |a Fondo Jesús Rodríguez 
920 |a Impresos - Libros 
930 |a Fondos Especiales 
905 |a 113 
901 |a 0500039341  |b IT2  |c ESP  |u 20250521 
902 |a https://opac.biblio.iteso.mx/vufind/Record/000102972